00221nam a2200085Ia 4500008004100000100001900041245003500060260003200095300000800127201216s9999 xx 000 0 und d aTrivedi, H. M. 0aIndian Shipping In Perspective aNew DelhibVikas Publishing a540